|
|
|
|
| LEADER |
00734nam a2200217 a 4500 |
| 001 |
c000271358 |
| 003 |
CARM |
| 005 |
20070910083633.0 |
| 008 |
070910s1980 stk 000 1 eng d |
| 019 |
1 |
|
|a 50074001
|5 LACONCORD2021
|
| 020 |
|
|
|a 0006159451 (pbk.)
|
| 035 |
|
|
|a (OCoLC)16485876
|5 LACONCORD2021
|
| 040 |
|
|
|a VCAV
|b eng
|c VCAV
|
| 100 |
1 |
|
|a Small, Bertrice.
|
| 245 |
1 |
0 |
|a Adora /
|c Bertrice Small.
|
| 250 |
|
|
|a Rev. ed.
|
| 260 |
|
|
|a Glasgow :
|b Collins :
|b Fontana,
|c 1980.
|
| 300 |
|
|
|a 347 p.
|
| 852 |
8 |
|
|b CARM
|h A1:AM18A0
|i A04783
|p 0388783
|f BK
|
| 999 |
f |
f |
|i db089c71-f50b-5886-9c97-b9bb50de6b29
|s 1dbf6052-d73d-5f99-9158-09d9748b0f5c
|
| 952 |
f |
f |
|p Can circulate
|a CAVAL
|b CAVAL
|c CAVAL
|d CARM 1 Store
|e A04783
|f A1:AM18A0
|h Other scheme
|i book
|m 0388783
|